1605 1276 1645 1817 1722 1764 1887 1488 1055 1172 1383 1256 1009 1280 1045 1941 1088 1402 1833 1838 1997 1236 1150 1933 1255 1292 1302 1346 1152 1869 1576 1849 1026 1397 1469 1414 1837 1349 1375 1193 1387 1268 1033 1000 1239 1384 1679 1479 1484 1565 1110 1419 1629 1935 1048 1635 1613 1124 1517 1833 1994 1572 1449 1377 1927 1886 1921 1985 1072 1555 1046 1557 1093 1305 1806 1366 1353 1470 1989 1736 1790 1951 1927 1260 1854 1119 1004 1558 1357 1708 1000 1961 1011 1156 1279 1915 1514 1779 1801 BCNSPRNW ULIB Ver.6.0+V

เปลี่ยนเป็นภาษาไทย

Change to English
 แสดงรายละเอียดบรรณานุกรม
  กลับหน้าหลัก

Brief Record : Get Marc (ISO 2709) : E-mail record : QR code < ปิดหน้าต่าง
LEADER : 00000nam 2200000uu 4500
001    13399109044
003     ULIB
008    110320s2546||||th 000 0 tha d
020    9749021738
060 04 WX158^bก513 2546
245 10 การวางแผนจำหน่ายผู้ป่วย :^bแนวคิดและการประยุกต์ใช้ /^cวันเพ็ญ พิชิตพรชัยและอุษาวดี อัศดรวิเศษ [บรรณาธิการ]
250    พิมพ์ครั้งที่ 2 (ฉบับปรับปรุง)
260    กรุงเทพฯ :^bคณะพยาบาลศาสตร์ มหาวิทยาลัยมหิดล,^c2546
300    126 หน้า :^bภาพประกอบ ;^c26 ซม.
650  7 ผู้ป่วย, การจำหน่ายออกจากโรงพยาบาล
700 0  วันเพ็ญ พิชิตพรชัย,^eบรรณาธิการ
700 0  อุษาวดี อัศดรวิเศษ,^eบรรณาธิการ
710 2  มหาวิทยาลัยมหิดล. ^bคณะพยาบาลศาสตร์
945    ^p70^l0^i017676
945    ^p70^l0^i017677
945    ^p70^l0^i017675
995    เกษร
999 ^a ใช้งานได้ทุกระบบ
รายการนี้ยังไม่มีแท็ก
คุณยังไม่ได้ล็อกอิน คุณสามารถมีกิจกรรมร่วมกับเว็บไซต์ได้ แต่ต้องล็อกอินก่อน ::
  ล็อกอิน

รายการสื่อสารสนเทศ

ลำดับที่ ประเภท เลขเรียก/บาร์โค้ด สถานที่ สถานะ
- ไม่พบข้อมูล -

รายการใกล้เคียง
    หัวเรื่อง [ผู้ป่วย, การจำหน่ายออกจากโรงพยาบาล]

BibComment


ยังไม่เคยถูกคอมเมนท์

คอมเมนท์ทรัพยากรรายการนี้
  คอมเมนท์: การวางแผนจำหน่ายผ..


 Copyright 2026. Bcnsprnw @Library